000 00406nam a2200169Ia 4500
008 210210b1947 xxu||||| |||| 00| 0 eng d
041 _aeng
082 _a444/446
100 _aDE BLANCHAUD (R)
245 _aone hundred exercises
260 _aLondon
_bGeorge G Harrap and Company Limited
_c1947
650 _aone
650 _ahundred
650 _aexercises
690 _aFrench
906 _a006641
999 _c129631
_d129631